Nhl goalies drafted part 2 - Statistics

General Stats
  • This quiz has been taken 45 times
  • The average score is 8 of 27
Answer Stats
Year Team Overall Player % Correct
2005 Montreal 5 Carey Price
85%
2003 Pittsburgh 1 Marc Andre Fleury
85%
2000 Islanders 1 Rick DiPietro
85%
2005 Toronto 21 Tuukka Rask
79%
2002 Atlanta 2 Kari Lehtonen
59%
2002 Carolina 25 Cam Ward
56%
2012 Tampa Bay 19 Andrei Vasilevskiy
51%
2012 Boston 24 Malcom Subban
41%
2015 Washington 22 Ilya Samsonov
36%
2006 Los Angeles 11 Jonathan Bernier
33%
2006 Washington 23 Semyon Varlamov
31%
2004 Rangers 6 Al Montoya
28%
2004 Vancouver 26 Cory Schneider
28%
2004 Edmonton 14 Devan Dubnyk
26%
2001 Rangers 10 Dan Blackburn
13%
2010 Dallas 11 Jack Cambell
13%
2001 Columbus 8 Pascal Leclaire
13%
2006 Calgary 26 Leland Irving
10%
2008 Nashville 18 Chet Pickard
8%
2010 Phoenix 27 Mark Visentin
8%
2006 Tampa Bay 15 Riku Helenius
8%
2008 Detroit 30 Thomas McCollum
8%
2001 Chicago 29 Adam Munro
5%
2000 Calgary 9 Brent Krahn
5%
2002 Boston 29 Hannu Toivonen
5%
2004 St Louis 17 Marek Schwarz
5%
2001 Dallas 26 Jason Bacashihua
3%
No matching quizzes found
Score Distribution
Percent of People with Each Score
Percentile by Number Answered
Your Score History
You have not taken this quiz